| 000 | 00892nam a22002657a 4500 | ||
|---|---|---|---|
| 003 | DO-SdBPM | ||
| 005 | 20250526125540.0 | ||
| 008 | 171129b19uu sp || 00| 0 spa d | ||
| 040 |
_aDO-SdBPM _bspa _cBPMSU _erda |
||
| 082 | 4 |
_a920.72 _bF828d _222 |
|
| 100 | 1 |
_aFrank, Ana, _d1929-1945. |
|
| 245 | 1 | 3 |
_aEl diario de Ana Frank / _cAna Frank ; adaptación Rebeca vélez ; ilustraciones María Ruiz |
| 250 | _a 2a ed. | ||
| 260 |
_aMadrid : _bSusaeta Ediciones, _c[199-?] |
||
| 300 |
_a68 p. ; _bils. ; _c20 cm. |
||
| 490 | 0 | _a Leer con Susaeta | |
| 590 | _aInventariado, 2025/VM | ||
| 600 | 1 | 4 |
_aFrank, Anne _d1929-1945 _xAutobiografías |
| 650 | 4 | _aDiarios íntimos | |
| 650 | 4 |
_aPersecuciones a los judíos _vRelatos personales |
|
| 700 | 1 |
_a Vélez, Rebeca _e adaptación |
|
| 700 | 1 |
_aRuiz, Marina _eilustración |
|
| 910 | _aVMateo V . Control de calidad. BPMSU | ||
| 942 |
_2ddc _cBK |
||
| 999 |
_c15103 _d15103 |
||